00599nam a22001455i 450000100060000000300090000600700030001500800410001804000200005910000210007924502360010026000740033630000220041085200210043254843ES-MaACLt|960726s1894 ag ||||1| spa d aCAM bspa cCAM1 aGallardo, Angel.10aProyecto de instalación para una fábrica de cal común b: presentado a la Facultad de Ciencias Exactas, Físicas y Naturales de la Universidad de Buenos-Aires para optar al título de ingeniero civil / cpor Angel Gallardo. aBuenos Aires : b[s.n.], c1894 (fImprenta de Pablo E. Coni e hijos) a124 p. ; c25 cm. aES-MaACLjG-5282